|
|
|
|
| LEADER |
00876nam a2200229 a 4500 |
| 001 |
11802819 |
| 008 |
101010s2000 njua b 001 0 eng d |
| 010 |
|
|
|a 99051522
|
| 020 |
|
|
|a 9788177585759
|
| 020 |
|
|
|a 0130996513
|
| 040 |
|
|
|a DLC
|c DLC
|d BD-DhAAL
|
| 082 |
0 |
0 |
|a 004/.33
|2 21
|
| 100 |
1 |
|
|a Liu, Jane W. S.
|
| 245 |
1 |
0 |
|a Real-Time systems /
|c by Jane W.S. Liu.
|
| 260 |
|
|
|a Upper Saddle River, NJ :
|b Prentice Hall ;
|a New Delhi :
|b Pearson Education/Dorling Kindersley (India),
|c c2000.
|
| 300 |
|
|
|a 624 p. :
|b ill. ;
|c 25 cm.
|
| 504 |
|
|
|a Includes bibliographical references and index.
|
| 541 |
1 |
|
|e 00021191
|
| 650 |
|
0 |
|a Real-time data processing.
|
| 852 |
4 |
|
|a Ayesha Abed Library
|j General Shelf.
|
| 999 |
|
|
|c 9691
|d 9691
|
| 952 |
|
|
|0 0
|1 0
|2 ddc
|4 0
|6 004_330000000000000_LIU_2000
|7 0
|9 12327
|a BRACUL
|b BRACUL
|c GEN
|d 2010-10-10
|l 0
|o 004.33 LIU
|p 3010021191
|r 2018-11-14
|t 1
|w 2010-10-10
|y BK
|